00000000nam##2200000za#4500
0019.668543
003CaOODSP
00520210615124230
007ta
008150407|2007||||xxc|||||     f|0| 0 eng|d
020 |a978-0-662-49953-4
040 |aCaOODSP|beng
041 |aeng
041 |afre
043 |an-cn---
0861 |aH128-1/07-501
1101 |aCanada. |bHealth Canada. |bHealthy Environments and Consumer Safety Branch.
24510|aFacts for infant bath seats and bath rings
260 |aOttawa - Ontario : |bHealth Canada. |c2007.
300 |aEnglish text, [2]p. : |billus. ; |c28 cm.
5203 |aHealth Canada’s aim is to help keep the Canadian public safe by providing information that promotes safety and the safer use of consumer products.
563 |aSoftcover
590 |a07-15|b2007-04-13
69007|aInfant care|2gcpds
69007|aSafety education|2gcpds
7760#|tRenseignements au sujet des anneaux et sièges de bain pour bébé |w(CaOODSP)9.643603
7760#|tFacts for infant bath seats and bath rings |w(CaOODSP)9.699626
792 |tRenseignements au sujet des anneaux et sièges de bain pour bébé |efre|w(CaOODSP)9.668544
986 |aPub. 4760